<?xml version="1.0" encoding="UTF-8"?><?xml-stylesheet type="text/xsl" href="static/style.xsl"?><OAI-PMH xmlns="http://www.openarchives.org/OAI/2.0/" xmlns:xsi="http://www.w3.org/2001/XMLSchema-instance" xsi:schemaLocation="http://www.openarchives.org/OAI/2.0/ http://www.openarchives.org/OAI/2.0/OAI-PMH.xsd"><responseDate>2026-04-17T07:30:03Z</responseDate><request verb="GetRecord" identifier="oai:riubu.ubu.es:10259/10496" metadataPrefix="marc">https://riubu.ubu.es/oai/request</request><GetRecord><record><header><identifier>oai:riubu.ubu.es:10259/10496</identifier><datestamp>2025-09-12T22:42:09Z</datestamp><setSpec>com_10259_4219</setSpec><setSpec>com_10259_5086</setSpec><setSpec>com_10259_2604</setSpec><setSpec>col_10259_7349</setSpec></header><metadata><record xmlns="http://www.loc.gov/MARC21/slim" xmlns:doc="http://www.lyncode.com/xoai" xmlns:xsi="http://www.w3.org/2001/XMLSchema-instance" xmlns:dcterms="http://purl.org/dc/terms/" xsi:schemaLocation="http://www.loc.gov/MARC21/slim http://www.loc.gov/standards/marcxml/schema/MARC21slim.xsd">
<leader>00925njm 22002777a 4500</leader>
<datafield tag="042" ind1=" " ind2=" ">
<subfield code="a">dc</subfield>
</datafield>
<datafield tag="720" ind1=" " ind2=" ">
<subfield code="a">Rodríguez García, Bruno</subfield>
<subfield code="e">author</subfield>
</datafield>
<datafield tag="720" ind1=" " ind2=" ">
<subfield code="a">Corchia, Laura</subfield>
<subfield code="e">author</subfield>
</datafield>
<datafield tag="720" ind1=" " ind2=" ">
<subfield code="a">Faggiano, Federica</subfield>
<subfield code="e">author</subfield>
</datafield>
<datafield tag="720" ind1=" " ind2=" ">
<subfield code="a">García Tejerina, Diana</subfield>
<subfield code="e">author</subfield>
</datafield>
<datafield tag="720" ind1=" " ind2=" ">
<subfield code="a">De Paolis, Lucio Tommaso</subfield>
<subfield code="e">author</subfield>
</datafield>
<datafield tag="260" ind1=" " ind2=" ">
<subfield code="c">2024-09</subfield>
</datafield>
<datafield tag="520" ind1=" " ind2=" ">
<subfield code="a">This paper introduces Model Checker, an open-source plugin for Blender designed to analyse distance discrepancies between 3D models and visualize the results using heatmaps. It is designed for analysing discrepancies during retopology and restoration processes, seamlessly integrated into the Blender environment. The plugin extracts minimum, maximum, mean, and standard deviation distances between models, visualized with heatmaps based on adaptable thresholds. It also provides change tracking in the heatmaps, facilitating comparison between different project versions. Heatmaps are exportable as textures and compatible with immersive Virtual Reality (iVR) visualization within Blender, enabling convenient analysis and visualization within the workspace. Comparative analysis with CloudCompare reveals an error margin of maximum 1mm for Model Checker, making it suitable for tasks requiring similar precision. The results indicate its suitability as a viable alternative in projects requiring millimetric precision restoration, particularly notable for its integration into modelling software, change control, and iVR visualization capabilities. Future development efforts should focus on optimizing the process to enhance both accuracy and analysis time.</subfield>
</datafield>
<datafield tag="024" ind2=" " ind1="8">
<subfield code="a">0302-9743</subfield>
</datafield>
<datafield tag="024" ind2=" " ind1="8">
<subfield code="a">http://hdl.handle.net/10259/10496</subfield>
</datafield>
<datafield tag="024" ind2=" " ind1="8">
<subfield code="a">10.1007/978-3-031-71710-9_13</subfield>
</datafield>
<datafield tag="024" ind2=" " ind1="8">
<subfield code="a">1611-3349</subfield>
</datafield>
<datafield ind1=" " ind2=" " tag="653">
<subfield code="a">Virtual reality</subfield>
</datafield>
<datafield ind1=" " ind2=" " tag="653">
<subfield code="a">Cultural heritage</subfield>
</datafield>
<datafield ind1=" " ind2=" " tag="653">
<subfield code="a">Virtual restoration</subfield>
</datafield>
<datafield ind1=" " ind2=" " tag="653">
<subfield code="a">Virtual Reconstruction</subfield>
</datafield>
<datafield ind1=" " ind2=" " tag="653">
<subfield code="a">3D Analysis</subfield>
</datafield>
<datafield tag="245" ind1="0" ind2="0">
<subfield code="a">A Tool for the Analysis and Virtual Reality Visualization of the Virtual Restoration of Cultural Heritage 3D Models</subfield>
</datafield>
</record></metadata></record></GetRecord></OAI-PMH>